000
00279nam a22001337a 4500
008
180608b xxu||||| |||| 00| 0 eng d
020
_a
9789928409416
041
_a
eng
080
_a
070
100
_a
40
101
_a
MK
245
_a
Gazetaria
_c
Stephan,R.M
942
_2
udc
_c
BK
999
_c
46608
_d
46608